| 000 | 01225nam0a22002411 4500 | ||
|---|---|---|---|
| 001 | rc\843571 | ||
| 005 | 20041129092350.9 | ||
| 035 | _a(NLR Aleph) 006024758 | ||
| 090 |
_a7465744 _c7465744 |
||
| 100 | _a20041129d1984 u |0rusy50 ca | ||
| 101 | 0 | _arus | |
| 102 | _aRU | ||
| 105 | _aa ||||||||| | ||
| 200 | 1 |
_aМетодические указания по применению нормативного метода учета затрат на производство и калькулированию нормативной и фактической себестоимости продукции (работ) на промышленных предприятиях Минхимпрома _f... НИИ техн.-экон. исслед., Мин. фил., Отд-ние НИИ технол.-экон. исслед. (г. Черкассы) _g[Подгот. П.Е. Борисевским и др.] |
|
| 210 |
_aЧеркассы _cОтд-ние НИИТЭхим _d1984 |
||
| 215 |
_a115 с. _cил. _d20 |
||
| 320 | _aБиблиогр.: с. 76-77 (23 назв.) | ||
| 702 | 1 |
_aБорисевский _bП. Е. _4570 |
|
| 801 | 0 |
_aRU _bNLR _gpsbo |
|
| 801 | 1 |
_aRU _bELAR _2rusmarc |
|
| 852 |
_aNLR _j84-3/8667 |
||
| 942 | _cBOOK | ||
| 980 | _aNB | ||